| 000 | 00832aab a2200217 4500 | ||
|---|---|---|---|
| 001 | 768714001 | ||
| 003 | CO-MdFUSB | ||
| 005 | 20240612122705.0 | ||
| 008 | 170512s1996 cr ||||| |||| 00| 0 spa d | ||
| 022 | _a1409-1968 | ||
| 040 |
_aCO-MdFUSB _bspa _cCO-MdFUSB _dCO-MdFUSB |
||
| 041 | _aspa | ||
| 100 | 1 |
_aHandal, Sergio _eautor |
|
| 245 | 1 | 0 |
_aAlcanzando a empresarios y ejecutivos _c/ Sergio Handal |
| 300 |
_aVolumen 13. Número 4 (1996), páginas 20-21 _c: 27 cm |
||
| 520 | _aPreparar reuniones para que los empresarios ganen a empresarios es una de las formas más efectivas para lograr estabilidad en la asistencia de este grupo a la iglesia. | ||
| 650 | 0 |
_aEvangelización _9362 |
|
| 773 | 0 |
_tApuntes Pastorales _049442 _977113 _gVolumen 13. Número 4 (1996), páginas 20-21 _qPágina 20 |
|
| 942 | _cANA | ||
| 945 | _aJTF-925 | ||
| 999 |
_c55545 _d55545 |
||